| 000 | 01239cam a22003251 4500 | ||
|---|---|---|---|
| 999 |
_c130205 _d130205 |
||
| 001 | 7905450 | ||
| 003 | ARRUPE | ||
| 005 | 20200129101605.0 | ||
| 008 | 720406s1952 xx 000 0 eng | ||
| 010 | _a 52003661 | ||
| 015 | _aGB52-8502 | ||
| 035 | _a(OCoLC)276864 | ||
| 040 |
_aDLC _cOYU _dOCoLC _dUk _dDLC |
||
| 050 | 0 | 0 |
_aPR4836 _b.R3 1952 |
| 100 | 1 |
_aRaymond, Ernest, _d1888- _949115 |
|
| 245 | 1 | 0 |
_aTwo gentlemen of Rome; _bthe story of Keats and Shelley. _cErnest Raymond |
| 260 |
_aLondon, _bCassell and company _c[1952] |
||
| 300 |
_a261 p. _billus. _c23 cm. |
||
| 504 | _aIncludes bibliography. | ||
| 600 | 1 | 0 |
_aKeats, John, _d1795-1821 _xHomes and haunts _zItaly _zRome. _949116 |
| 600 | 1 | 0 |
_aShelley, Percy Bysshe, _d1792-1822 _xHomes and haunts _zItaly _zRome. _949117 |
| 650 | 0 |
_aBritish _zItaly _zRome _xHistory _y19th century. _949118 |
|
| 650 | 0 |
_aPoets, English _xHomes and haunts _zItaly _zRome. _949119 |
|
| 650 | 0 |
_aPoets, English _y19th century _vBiography. _929876 |
|
| 651 | 0 |
_aRome (Italy) _xIntellectual life _y19th century. _949120 |
|
| 651 | 0 |
_aItaly _xIntellectual life _y1789-1900. _949121 |
|
| 651 | 0 |
_aRome (Italy) _vBiography. _949122 |
|
| 906 |
_a7 _bcbc _coclcrpl _du _encip _f19 _gy-gencatlg |
||
| 942 |
_2lcc _cMONOGRAPH |
||